[Event "Barranquilla Carnaval Cup"]
[Site "Barranquilla"]
[Date "2024.02.06"]
[Round "7"]
[White "Florez Perez, Owen Andrew"]
[Black "Caicedo Anguila, Juliana Andrea"]
[Result "0-1"]
[WhiteElo "1464"]
[BlackElo "1709"]
[PlyCount "88"]
[EventDate "2024.02.03"]
[EventType "swiss"]
[EventRounds "9"]
[EventCountry "COL"]
[SourceTitle "CB07_2024"]
[SourceDate "2024.02.14"]
[SourceVersion "1"]
[SourceVersionDate "2024.02.14"]
[SourceQuality "1"]

1. e4 e6 2. d4 d5 3. e5 b6 4. c3 Qd7 5. h4 Ne7 6. h5 h6 7. Nd2 Ba6 8. Bxa6 Nxa6 9. Ne2 c5 10. Rh3 Nc6 11. Kf1 cxd4 12. cxd4 0-0-0 13. Kg1 f6 14. Nf3 fxe5 15. dxe5 Kb7 16. a3 Nc7 17. Rg3 Qf7 18. Nf4 Rg8 19. Qd3 d4 20. Bd2 Nd5 21. Qe4 Nxf4 22. Bxf4 Qxh5 23. Rc1 Qe8 24. b4 Rd5 25. Bxh6 Qf7 26. b5 Na5 27. Nxd4 Bc5 28. Be3 Bxa3 29. Rc2 Bc5 30. Ne2 Bxe3 31. Rxe3 Kb8 32. Nd4 Qe7 33. Rc1 Rgd8 34. Nf3 Rxb5 35. Rec3 Rbd5 36. Qc2 Qf8 37. Qe2 Nb7 38. Qc2 Nc5 39. Qe2 Qe7 40. R3c2 g5 41. Nh2 Qd7 42. Ng4 Rd1+ 43. Kh2 Qh7+ 44. Kg3 R1d3+ 0-1

[Event "COL-ch (Women)"]
[Site "Cartagena"]
[Date "2023.06.11"]
[Round "7"]
[White "Rosado Perez, Maria Jose"]
[Black "Caicedo Anguila, Juliana Andrea"]
[Result "1-0"]
[WhiteElo "1806"]
[BlackElo "1706"]
[PlyCount "57"]
[EventDate "2023.06.08"]
[EventType "swiss"]
[EventRounds "9"]
[EventCountry "COL"]
[SourceTitle "CBM 215 Extra"]
[Source "ChessBase"]
[SourceDate "2023.09.30"]
[SourceVersion "1"]
[SourceVersionDate "2023.09.30"]
[SourceQuality "1"]

1. e4 e6 2. d4 d5 3. Nc3 Nf6 4. Bg5 dxe4 5. Nxe4 Be7 6. Bxf6 Bxf6 7. Nf3 Nd7 8. c3 0-0 9. Bd3 b6 10. Qe2 Bb7 11. 0-0-0 Be7 12. h4 c6 13. Kb1 Re8 14. Nfg5 h6 15. Qh5 Rf8 16. Rh3 Qe8 17. Qe2 f5 18. Ng3 Bxg5 19. hxg5 hxg5 20. Nxf5 Rxf5 21. Bxf5 Nf8 22. Re1 Bc8 23. Qe4 Bd7 24. Bh7+ Kf7 25. Qe5 Qe7 26. Bd3 a5 27. Ree3 a4 28. Ref3+ Kg8 29. Qh2 1-0

[Event "Pan American-ch U20 Girls"]
[Site "Pereira"]
[Date "2022.08.24"]
[Round "3"]
[White "Hilario Huaranca, Aleyla Karen"]
[Black "Caicedo Anguila, Juliana Andrea"]
[Result "1-0"]
[WhiteElo "1899"]
[BlackElo "1591"]
[PlyCount "57"]
[EventDate "2022.08.23"]
[EventType "swiss"]
[EventRounds "9"]
[EventCountry "COL"]
[SourceTitle "CBM 210 Extra"]
[Source "ChessBase"]
[SourceDate "2022.11.30"]
[SourceVersion "1"]
[SourceVersionDate "2022.11.30"]
[SourceQuality "1"]

1. d4 d5 2. c4 e6 3. Nf3 c6 4. Nc3 dxc4 5. a4 Bb4 6. e3 b5 7. Bd2 a5 8. axb5 Bxc3 9. Bxc3 cxb5 10. b3 Bb7 11. bxc4 b4 12. Bb2 Nf6 13. Bd3 0-0 14. 0-0 Nbd7 15. Nd2 Nb6 16. Bc2 Bc6 17. e4 h6 18. d5 exd5 19. exd5 Bd7 20. Qf3 Bc8 21. Ne4 Nxe4 22. Qxe4 f5 23. Qd4 Rf7 24. Rfd1 Raa7 25. c5 Na8 26. d6 Kh8 27. Bb3 Rf6 28. c6 Ra6 29. d7 1-0

[Event "Medellin Feria de las Flores op"]
[Site "Medellin"]
[Date "2022.08.07"]
[Round "9"]
[White "Rosado Perez, Maria Jose"]
[Black "Caicedo Anguila, Juliana Andrea"]
[Result "1/2-1/2"]
[WhiteElo "1811"]
[BlackElo "1591"]
[PlyCount "52"]
[EventDate "2022.08.03"]
[EventType "swiss"]
[EventRounds "9"]
[EventCountry "COL"]
[SourceTitle "CBM 209 Extra"]
[Source "ChessBase"]
[SourceDate "2022.09.30"]
[SourceVersion "1"]
[SourceVersionDate "2022.09.30"]
[SourceQuality "1"]

1. e4 e6 2. d4 d5 3. exd5 exd5 4. Bd3 Bd6 5. Qf3 Nf6 6. h3 Be6 7. Ne2 Nbd7 8. Be3 Qe7 9. Nd2 h6 10. c3 g5 11. g4 0-0-0 12. 0-0-0 Ne8 13. Ng3 Ng7 14. Nf5 Bxf5 15. Bxf5 Nxf5 16. Qxf5 c6 17. Rde1 Rde8 18. Nf3 Qf6 19. Qxf6 Nxf6 20. Ne5 Rh7 21. Nd3 Kd8 22. Ne5 Nd7 23. Nd3 f6 24. h4 Rhe7 25. Kd2 Nb6 26. b3 Nd7 1/2-1/2

[Event "COL-ch U20 Girls"]
[Site "Barranquilla"]
[Date "2022.07.09"]
[Round "7"]
[White "Caicedo Anguila, Juliana Andrea"]
[Black "Valencia Quinchia, Isabella"]
[Result "1-0"]
[WhiteElo "1595"]
[BlackElo "1381"]
[PlyCount "30"]
[EventDate "2022.07.06"]
[EventType "swiss"]
[EventRounds "9"]
[EventCountry "COL"]
[SourceTitle "EXT 2023"]
[Source "ChessBase"]
[SourceDate "2022.10.05"]
[SourceVersion "1"]
[SourceVersionDate "2022.10.05"]
[SourceQuality "1"]

1. d4 Nf6 2. Nf3 c5 3. d5 g6 4. Nc3 d6 5. e4 Bg7 6. Bb5+ Nfd7 7. a4 a6 8. Be2 0-0 9. 0-0 Ne5 10. Nd2 f5 11. exf5 Rxf5 12. Nde4 Nbd7 13. f4 Nf7 14. Ng3 Nf6 15. Nxf5 Bxf5 1-0

[Event "Pereira Gildardo Garcia Memorial-B"]
[Site "Pereira"]
[Date "2022.05.22"]
[Round "8"]
[White "Caicedo Anguila, Juliana Andrea"]
[Black "Calderon Guerra, Odalys Lisbeth"]
[Result "1-0"]
[WhiteElo "1607"]
[BlackElo "1247"]
[PlyCount "38"]
[EventDate "2022.05.18"]
[EventType "swiss"]
[EventRounds "9"]
[EventCountry "COL"]
[SourceTitle "CBM 208 Extra"]
[Source "ChessBase"]
[SourceDate "2022.07.31"]
[SourceVersion "1"]
[SourceVersionDate "2022.07.31"]
[SourceQuality "1"]

1. d4 d5 2. c4 c6 3. Nc3 Nf6 4. cxd5 cxd5 5. Bg5 e6 6. e3 Nc6 7. Bd3 h6 8. Bh4 Bd7 9. f4 Be7 10. Nf3 Ng4 11. Bxe7 Qxe7 12. Qe2 Nb4 13. Bb1 a6 14. 0-0 f5 15. Ne5 Nxe5 16. fxe5 0-0 17. a3 Nc6 18. Bd3 b5 19. Qd2 Na5 1-0